000 00679nam a2200217 i 4500
001 C00006132c
005 20241029142704.0
008 940608s1973 sp 0011 bal d
020 _a84-273-0341-6
080 _a364(467.51)"17"
100 1 _aRiera Monserrat, Francesc.
_92939
245 1 0 _aLluites antixuetes en el segle XVIII /
_cFrancesc Riera Montserrat; próleg de Josep Mélia.
260 _aMallorca :
_bMoll,
_c1973.
300 _a207 p. ;
_c24 cm.
490 0 _aEls treballs i els dies ;
_v9
650 4 _aProblemas Sociales-
_zEspaña-
_zMallorca-
_yS. XVIII.
_980142
700 1 _aMeliá, Josep.
_917833
852 _jE-3257
999 _c6053
_d6053